01313nam a2200241 a 450000100100000000500170001000800410002704000250006808200150009324501580010826000520026630000250031871000630034371000720040671000340047871000680051204900090058095201190058995201130070895201190082195201140094099900170105400003105620200930062657.0110613s2009 dr ac 000 0 spa d aDO-SdBNPbspacBNPHU axxxxbR43400aRespuesta humanitaria de Oxfam Internacional a poblaciones afectadas por las tormentas Noel y Olga en la República Dominicana :brendición de cuenta. aSanto Domingo :bOxfam Internacional,c[2009?]. a30 p. :bil., retrs.2 aDireción General de Ayuda de la Comunidad Europea9575362 aEmbajada de la República Federal de Alemania Santo Domingo9575372 aGeneralitat Valenciana9575382 aAgencia Canadiense de Cooperación Internacional (CIDA)957539 aBNDP 0010718DSaGRbGRcCTd2011-06-13iLF1l0oxxxx R434p31056-30r2020-06-25te. 3w2020-06-25yLFDSZNo se presta 0010718PDaPDbPDcCTd2011-06-13iLF1l0oxxxx R434p31056-10r2020-06-25w2020-06-25yLFPDZNo se presta 0010718PDaPDbPDcCTd2011-06-13iLF1l0oxxxx R434p31056-20r2020-06-25te. 2w2020-06-25yLFPDZNo se presta 00107-18PDaPDbPDcOId2011-06-13iLF1l0oxxxx R434p31057-10r2020-06-25w2020-06-25yLFPDZNo se presta c30548d30548